00468 2200169 4500245005100000020002200051250001100073100001600084650002300100005001900123260003600142041001400178084001000192500006400202490002300266336000900289 aEnsiklopedia Flora Volume 6cBudi SuhonohText a978-602-8415-14-9 aCet. 1 aBudi Suhono aEnsiklopedia Flora a20231108135355 aJakartabPT Kharisma Ilmuc2010 aIndonesia a580.3 aDaftar Isi : Protealles, Rosales, Sapindalles, Ranunculales aEnsiklopedia Flora atext